La France des marges : Géographie des espaces « autres » (notice n° 2198594)

détails MARC
000 -LEADER
fixed length control field 01628cam a2200133 4500500
005 - DATE AND TIME OF LATEST TRANSACTION
control field 20260405085551.0
041 ## - LANGUAGE CODE
Language code of text/sound track or separate title fre
042 ## - AUTHENTICATION CODE
Authentication code dc
100 10 - MAIN ENTRY--PERSONAL NAME
Personal name Depraz, Samuel
Relator term author
245 00 - TITLE STATEMENT
Title La France des marges : Géographie des espaces « autres »
260 ## - PUBLICATION, DISTRIBUTION, ETC.
Name of publisher, distributor, etc. Armand Colin,<br/>
Date of publication, distribution, etc. 2017.<br/>
520 ## - SUMMARY, ETC.
Summary, etc. Les « marges » désignent des territoires discrets, qui occupent une position périphérique par rapport aux centres d’impulsion de l’économie et de la vie publique française que sont les métropoles ou les grands sites économiques et touristiques. Banlieues, espaces périurbains, marges rurales, petites villes en déclin, espaces interlopes des cœurs de ville, îles et territoires ultramarins, marécages, montagnes et forêts… ces territoires méconnus et en transition permanente font ici l’objet d’une analyse précise. À travers une lecture fine de ces espaces « autres », sont ainsi mis en évidence l’organisation socio-économique régionale de chacun d’eux et les mécanismes d’inscription des inégalités dans les territoires. La géographie des marges vient alors révéler la complexité de ces espaces, animés à la fois par des logiques de mise à l’écart, mais aussi d’affranchissement vis-à-vis des dominations extérieures. L’étude des marges permet ainsi, en miroir, de mieux revenir sur la puissance des centres. Elle permet aussi de s’interroger sur ce qui fait la norme sociale et sur les moyens d’atteindre une meilleure justice spatiale.
856 41 - ELECTRONIC LOCATION AND ACCESS
Uniform Resource Identifier <a href="https://shs.cairn.info/la-france-des-marges--9782200617172?lang=fr&redirect-ssocas=7080">https://shs.cairn.info/la-france-des-marges--9782200617172?lang=fr&redirect-ssocas=7080</a>

Pas d'exemplaire disponible.

PLUDOC

PLUDOC est la plateforme unique et centralisée de gestion des bibliothèques physiques et numériques de Guinée administré par le CEDUST. Elle est la plus grande base de données de ressources documentaires pour les Étudiants, Enseignants chercheurs et Chercheurs de Guinée.

Adresse

627 919 101/664 919 101

25 boulevard du commerce
Kaloum, Conakry, Guinée

Réseaux sociaux

Powered by Netsen Group @ 2025